Loading...
| Arts - Other Arts | 1 | 2 | 0 | 0 | 35 | 16 | 74.33 | 1 | 3 |
| Beliefs - Religion | 0 | 3 | 0 | 3 | 30 | 120 | 123.33 | 0 | 3 |
| Other - Geo/CE | 0 | 2 | 0 | 0 | 20 | 98 | 117.00 | 0 | 2 |
| Thought - Social Science | 0 | 2 | 1 | 1 | 15 | 80 | 102.50 | 1 | 2 |
| Other - Other Academic | 0 | 2 | 1 | 0 | 15 | 86 | 94.00 | 0 | 2 |
| History - American History | 1 | 0 | 0 | 0 | 15 | 36 | 36.00 | 1 | 1 |
| Literature - American Lit | 0 | 1 | 0 | 0 | 10 | 78 | 78.00 | 1 | 1 |
| History - Euro History | 0 | 1 | 0 | 1 | 10 | 125 | 125.00 | 0 | 1 |
| History - Other History | 0 | 1 | 0 | 0 | 10 | 135 | 135.00 | 0 | 1 |
| Science - Biology | 0 | 1 | 0 | 0 | 10 | 94 | 94.00 | 1 | 1 |
| Science - Engineering | 0 | 1 | 0 | 0 | 10 | 112 | 112.00 | 0 | 1 |
| Science - Other Science | 0 | 1 | 0 | 0 | 10 | 79 | 79.00 | 0 | 1 |
| Science - Physics | 0 | 2 | 3 | 0 | 5 | 83 | 83.50 | 2 | 2 |
| Arts - Music | 0 | 1 | 1 | 0 | 5 | 105 | 105.00 | 0 | 1 |
| History - World History | 0 | 1 | 1 | 0 | 5 | 98 | 98.00 | 0 | 1 |
| Arts - Painting | 0 | 0 | 1 | 0 | -5 | 0.00 | 0 | 0 | |
| Science - Chemistry | 0 | 0 | 4 | 0 | -20 | 0.00 | 0 | 0 |